| LEADER 00000nam 2200000uu 4500 |
| 008 111222s2554||||th 000 0 tha d |
| 040 ^aBcnkk.
|
| 041 0 ^aThai.
|
| 060 0 ^aวจ WA 20.5 ส868ถ 2554.
|
| 100 0 ^aสุวคนธ์ แก้วอ่อน.
|
| 245 00 ^aรายงานผลการวิจัยเรื่อง ถอดบทเรียนกระบวนการเรียนรู้อย่างมีส่วนร่วมโครงการพัฒนาหลักสูตรฝึกอบรมเพื่อพัฒนาศักยภาพ อสม. สู่การบริการด้วยหัวใจความเป็นมนุษย์ กรณีศึกษา : ชุมชนบ้านเป็ด จ.ขอนแก่น,ชุมชนน้ำพอง จ.ขอนแก่น,ชุมชนยางตลาด จ.กาฬสินธุ์./สุวคนธ์ แก้วอ่อน,นิชิต เสนไสย,จุรี แสนสุข.
|
| 260 ^aขอนแก่น : ^bโรงพยาบาลขอนแก่น,^c2554.
|
| 300 ^aจำนวน 48 หน้า ; ^bภาพประกอบ.
|
| 650 0 ^aการพัฒนาหลักสูตร ^xการฝึกอบรม.
|
| 650 0 ^aกระบวนการเรียนรู้อย่างมีส่วนร่วม. ^xยางตลาด ^zกาฬสินธุ์.
|
| 650 0 ^aการบริการด้วยหัวใจความเป็นมนุษย์.
|
| 650 0 ^aวิจัย.
|
| 700 0 ^aนิชิต เสนไสย.
|
| 700 0 ^aจุรี แสนสุข.
|
| 710 1 ^aโรงพยาบาลขอนแก่น.
|
| 999 ^aใช้งานได้ทุกระบบ
|